000 00655nam a2200277Ia 4500
005 20260324123818.0
008 008 260324s9999 xx 000 0 eng d
020 _a9780203817018
037 _aEBOOK
040 _aCRL
040 _beng
040 _cCRL
041 _2eng
041 _aeng
084 _qCRL
100 _aHolley Ulbrich
_91171738
245 0 _aPublic Finance in Theory and Practice Second edition
260 _bTaylor and Francis
260 _c2011
365 _a
365 _b300
856 _uhttp://www.taylorfrancis.com/books/9780203817018
942 _cEBOOK
999 _c1765583
_d1765583